00990nam a2200289 i 450000100060000000300090000600500170001500800410003204000360007304100080010904600090011708000080012610000300013424501190016426000210028330000430030438000160034738800140036338800140037749000640039150400320045565000120048765800240049970000550052383000240057885600980060222947KOSZ 00520220608101955.0950606s1984 pl f |000 0 pol d cKOSZ 005aKOSZ 005dKOSZ 005/HR apol k1984 a5341 aBajkowski, JózefeAutor10aRezonanse wewmętrzne w nieliniowych układach drgających.nCz. 2 /cJ. Bajkowski, W. Szemplińska-Stupnicka.  aWarszawa,c1984. a23 strony :crysunki, wykresy ;e21 cm aKsiążki a1901-2000 a1945-19891 aPrace Instytutu Podstawowych Problemów Techniki PAN ;v23 aBibliografia na stronie 22. 4aDrgania aFizyka i astronomia1 aSzemplińska-Stupnicka, Wandad(1932-2014)eAutor 0aPrace IPPTv23/1984 uhttp://koha.tu.koszalin.pl/cgi-bin/koha/opac-detail.pl?biblionumber=22947yKatalog online BPK